Modern myths (Record no. 979)

MARC details
000 -LEADER
fixed length control field 00677nam a2200253 4500
001 - CONTROL NUMBER
control field 2189173
003 - CONTROL NUMBER IDENTIFIER
control field GBCCL
005 - DATE AND TIME OF LATEST TRANSACTION
control field 20241126110350.0
008 - FIXED-LENGTH DATA ELEMENTS--GENERAL INFORMATION
fixed length control field 730716s1973 tnu 000 0 eng
010 ## -
-- 72094401
020 ## - INTERNATIONAL STANDARD BOOK NUMBER
International Standard Book Number 0805452168
040 ## - CATALOGING SOURCE
Original cataloging agency DLC
Transcribing agency DLC
Modifying agency DLC
050 00 -
-- BX6333.S48
-- M62
082 00 - DEWEY DECIMAL CLASSIFICATION NUMBER
Classification number 252.061
Item number SHE
100 1# - MAIN ENTRY--PERSONAL NAME
Personal name Sherman, Cecil E.
9 (RLIN) 1619
245 10 - TITLE STATEMENT
Title Modern myths
Statement of responsibility, etc. [by] Cecil E. Sherman.
260 ## - PUBLICATION, DISTRIBUTION, ETC.
Place of publication, distribution, etc. Nashville,
Name of publisher, distributor, etc. Broadman Press
Date of publication, distribution, etc. [1973]
300 ## - PHYSICAL DESCRIPTION
Extent 122 p.
Dimensions 20 cm.
350 ## - PRICE (NR) (BK AM CF MU VM SE) [OBSOLETE]
Price $1.50
650 #0 - SUBJECT ADDED ENTRY--TOPICAL TERM
Topical term or geographic name entry element Sermons, American.
9 (RLIN) 270
650 #0 - SUBJECT ADDED ENTRY--TOPICAL TERM
Topical term or geographic name entry element Baptists
General subdivision Sermons.
9 (RLIN) 1091
906 ## - LOCAL DATA ELEMENT F, LDF (RLIN)
a 7
b cbc
c orignew
d 2
e opcn
f 19
g y-gencatlg
942 ## - ADDED ENTRY ELEMENTS (KOHA)
Source of classification or shelving scheme Dewey Decimal Classification
Koha item type Books
Holdings
Withdrawn status Lost status Source of classification or shelving scheme Damaged status Not for loan Home library Current Library Shelving location Date acquired Total checkouts Full call number Barcode Date last seen Copy number Price effective from Koha item type
    Dewey Decimal Classification     GRACE BIBLE COLLEGE GRACE BIBLE COLLEGE Ministry & Mission 2017-03-31   252.061 SHE 008188 2025-05-01 c.1 2017-03-31 Books
© Grace Bible College Library 2025